000 00890aam a2200277 4500
005 20161014132654.0
008 150703b xxu||||| |||| 00| 0 spa d
041 _aEspañol
082 _a3.27 A265e
100 _aAgencia de Cooperación Internacional de Japón (JICA)
_927152
245 _aEstudio para el plan de uso de la tierra en las zonas costeras de las unidades de planeamiento turístico en la República de Costa Rica
260 _aCosta Rica
260 _bJICA
260 _c2001
300 _a60 páginas
650 _aTURISMO SOSTENIBLE
_99369
650 _aCOSTA RICA
_927153
650 _aZONAS COSTERAS
_927154
650 _aPLANIFICACIÓN TURÍSTICA
_91534
650 _aDESARROLLO TURÍSTICO
_95393
650 _aGUANACASTE SUR
_927155
650 _aCORCOVADO
_917347
650 _aGOLFITO
_91060
650 _aZONA MARITIMO TERRESTRE
_924729
942 _cBK
999 _c1583
_d1583